00618nam a22001577a 4500020001500000040000900015082001600024100003000040245004900070260004300119650005700162942001200219999001900231952010500250952010500355 a0130891614 cNUST a621.395 CIL aCiletti, Michael D952068 aAdvanced Digital Design With the Verilog HDL aNew Jersey:bPearson Education,c2003. aAdvanced Digital Design With the Verilog HDL9114231 2ddccBK c595602d595602 00102ddc4070aCEMEbCEMEcGENd2023-08-21l0o621.395 CILpCEME-40045r2023-08-21w2023-08-21yBK 00102ddc4070aCEMEbCEMEcGENd2023-08-21l0o621.395 CILpCEME-40044r2023-08-21w2023-08-21yBK